000 01058nam a2200313 u 4500
001 67164
005 20200821093617.0
008 170417s1991 mx r 000 0 spa d
020 _cEn trámite
040 _erda
041 0 _aspa
082 0 _a634.956
_bCHA
100 1 _aChavez Olayo, David,
_eautor
_94092
245 1 0 _aBases biológicas sobre el crecimiento e incremento de las masas forestales /
_cDavid Chavez Olayo, Santiago Daniel Sánchez Avila, Victor Manuel Cetina Alcala.
250 _a[Primera edición]
264 1 _aPuebla, Pue. :
_bUPAEP,
_c1991
300 _a63 páginas ;
_c22 cm.
336 _atexto
_2rdacontent
_btxt
337 _asin medio
_2rdamedia
_bn
338 _avolumen
_2rdacarrier
_bnc
490 0 _aTemas forestales
_v1
500 _aColección UPAEP
500 _aEscuela de fitotecnia
650 4 _aForestación
650 4 _aSilvicultura
700 1 _aSánchez Avila, Santiago Daniel,
_eautor
_94093
700 1 _aCetina Alcala, Victor Manuel,
_eautor
_94094
999 _c67164
_d67164
942 _h634.956
_iCHA
_cLI